Yếu tố huyền thoại trong truyện ngắn Nguyễn Huy Thiệp : (Luận văn Thạc sĩ. Chuyên ngành Văn học Việt Nam)

Tập trung tìm hiểu yếu tố huyền thoại trong truyện ngắn Nguyễn Huy Thiệp

সংরক্ষণ করুন:
গ্রন্থ-পঞ্জীর বিবরন
প্রধান লেখক: Nguyễn, Thị Lệ
বিন্যাস: গ্রন্থ
ভাষা:Undetermined
প্রকাশিত: Cần Thơ Trường Đại học Cần Thơ 2014
বিষয়গুলি:
ট্যাগগুলো: ট্যাগ যুক্ত করুন
কোনো ট্যাগ নেই, প্রথমজন হিসাবে ট্যাগ করুন!
Thư viện lưu trữ: Trung tâm Học liệu Trường Đại học Cần Thơ
LEADER 01096nam a2200241Ia 4500
001 CTU_197898
008 210402s9999 xx 000 0 und d
082 |a 895.9223009 
082 |b L250 
088 |a 60220121 
100 |a Nguyễn, Thị Lệ 
245 0 |a Yếu tố huyền thoại trong truyện ngắn Nguyễn Huy Thiệp : 
245 0 |b (Luận văn Thạc sĩ. Chuyên ngành Văn học Việt Nam) 
245 0 |c Nguyễn Thị Lệ ; Trần Thị Nâu (Người hướng dẫn khoa học) 
260 |a Cần Thơ 
260 |b Trường Đại học Cần Thơ 
260 |c 2014 
520 |a Tập trung tìm hiểu yếu tố huyền thoại trong truyện ngắn Nguyễn Huy Thiệp 
650 |a Vietnamese literature,Văn học Việt Nam,Short stories, Vietnamese,Truyện ngắn Việt Nam 
650 |x History and criticism,Lịch sử và phê bình 
650 |y 20th century,Thế kỷ 20 
910 |a Nguyên 
980 |a Trung tâm Học liệu Trường Đại học Cần Thơ